Parametre priečneho rezu miestnej komunikácie v historickom meste

Saved in:
Bibliographic Details
Main Author: Kicová, Dušana, 1986- (Author)
Other Authors: Bezák, Bystrík, 1945- (Thesis advisor)
Format: Manuscript Book
Language:Slovak
Published: Bratislava : STU v Bratislave SvF, 2010
Subjects:
Online Access:VAIS
Tags: Add Tag
No Tags, Be the first to tag this record!

MARC

LEADER 00000ntm a22000003a 4500
001 stu216519
005 20160721135409.4
008 101116s2010----xo------------------slo-d
040 |a STU  |b slo 
041 0 |a slo 
044 |a xo 
100 1 |a Kicová, Dušana,  |d 1986-  |4 aut  |X 27728  |7 A000027728 
242 0 0 |a Parameters of cross section local communication in historic town  |y eng 
245 1 |a Parametre priečneho rezu miestnej komunikácie v historickom meste 
260 |a Bratislava :  |b STU v Bratislave SvF,  |c 2010 
650 7 |a inžinierske konštrukcie a dopravné stavby  |2 stusub 
650 7 |a Structural and Transportation Engineering  |2 estusub 
700 1 |a Bezák, Bystrík,  |d 1945-  |4 ths  |u V120  |U SvF Stavebná fakulta  |T SvF Katedra dopravných stavieb  |X 996  |U V120  |Y 12  |7 A000000996 
856 4 |a info a plný text  |u http://is.stuba.sk/zp/portal_zp.pl?podrobnosti=40109  |3 VAIS